000
00335 a2200157 4500
001
183170
020
_a
040
_c
Magnum
100
_a
Kieling, Gilberto
240
1
0
_a
O fundo invisÃvel do olho
_l
por
245
1
0
_a
O fundo invisÃvel do olho
300
_a
109
362
0
_a
1987
697
_a
LITERATURA GERAL
942
_c
BK
999
_c
183170
_d
183170